000 00424nam a22001577a 4500
005 20251108164756.0
008 250721s1991 xx 000 0 ara d
082 1 4 _a616.07/عبد
100 1 _aالصباحين، عبد المجيد السليم
245 1 0 _aالمرشد الصحي /
264 1 _aإربد :
_bالمؤلف،
_c1991.
300 _aج
650 1 7 _aالأمراض
942 _2ddc
_cBK
999 _c14063
_d14063